| 000 | 00870nam a2200253 a 4500 | ||
|---|---|---|---|
| 001 | BRL_680 | ||
| 005 | 20190320210842.0 | ||
| 008 | 230913m19601962sz-ao#####---#000-0#ger-# | ||
| 041 | _ager | ||
| 044 | _asw | ||
| 050 | 4 |
_aBF173.F85 _b.J66 1960 |
|
| 100 | 1 |
_aJones, Ernest _d1879-1958 _924636 |
|
| 245 | 1 | 0 |
_aDas Leben und Werk von Sigmund Freud _cErnest Jones. |
| 260 |
_aBern _bVerlag Hans Huber _c1960-1962 |
||
| 300 |
_a3 v. _bil. _c24 cm. |
||
| 500 | _av.1 Au748, v.2 Au747, v.3 Au746 | ||
| 504 | _aIncluye bibliografía | ||
| 505 | 0 | _aContenido: v.1 Die entwicklung zur persönlichkeit und die grossen entdeckungen, 1856-1900 - v.2 Jahre der Reife, 1901-1919 - v.3 Die letzte Phase, 1919-1939. | |
| 600 | 1 | 4 |
_aFreud, Sigmund _d1856-1939 _vBiografía _924637 |
| 650 | 1 | 4 |
_aPsicología _924638 |
| 650 | 1 | 4 |
_aPsicoanálisis _917119 |
| 902 | _aGRL | ||
| 942 |
_2lcc _cB |
||
| 999 |
_c9492 _d9492 |
||